| 000 | 00566nam a22001457a 4500 | ||
|---|---|---|---|
| 008 | 100419t1971 xxu||||| |||| 00| 0 ARA d | ||
| 082 |
_a146 _bع ر ا |
||
| 100 |
_913615 _aالعراقى, محمد عاطف. |
||
| 245 |
_aالفلسفة الطبيعية عند ابن سينا / _cبقلم محمد عاطف العراقي |
||
| 260 |
_a[القاهرة] : _bدار المعارف ،[1971]. _c[1971]. |
||
| 300 |
_a438 ص؛ _c20 سم. |
||
| 490 |
_916205 _aمكتبة الدراسات الفلسفية |
||
| 504 | _aببليوجرافية ص 404-438 | ||
| 942 |
_2ddc _cBB |
||
| 999 |
_c13913 _d13913 |
||